| 000 | 01092nam a2200289 a 4500 | ||
|---|---|---|---|
| 001 | 000023571 | ||
| 005 | 20200930022322.0 | ||
| 008 | 101214s1969 sp a r 001 0 spa d | ||
| 040 |
_aDO-SdBNP _bspa _cBNPHU |
||
| 041 | 1 | 7 |
_aspa _heng _2Código de idiomas MARC |
| 082 |
_a534.55 _bB649f |
||
| 100 | 1 |
_aBlitz, Jack, _948584 |
|
| 240 | 1 | 0 |
_aFundamentals of ultrasonics. _lEspañol. |
| 245 | 1 | 0 |
_aFundamentos de los ultrasonidos / _cJack Blitz ; traducción José Aguilar Peris... con la colaboración de Carlos García-Legaz Martínez. |
| 260 |
_aMadrid : _bAlhambra, _c1969. |
||
| 300 |
_avii, 292 p. : _bil. ; _c20 cm. |
||
| 490 | 1 |
_aExedra _v57 |
|
| 490 | 1 |
_aSección II, Física _v5 |
|
| 504 | _aIncluye notas al pie de las páginas. | ||
| 534 |
_pTítulo original en inglés: _tFundamentals of ultrasonics. _cLondon : Butterworths & Co. |
||
| 500 | _aIncluye índice | ||
| 650 | 4 |
_aUltrasonido _948585 |
|
| 700 | 1 |
_aAguilar Peris, José, _etr. _948586 |
|
| 700 | 1 |
_aGarcía-Legaz Martínez, Carlos, _948587 |
|
| 830 | 0 |
_aExedra. _pSección II, Física ; _v57 _n5 _948588 |
|
| 049 | _aBNGR | ||
| 999 |
_c23067 _d23067 |
||